000 00472nam a2200181Ia 4500
001 24614
005 20260414151055.0
008 260414t2018||||xx |||||||||||||| ||spa||
041 _aESP
082 _a345.721
_bB141 V. 47
100 _aCollantes González, Jorge Luis
_eAUT
245 0 _aArbitraje :
_benciclopedia del arbitraje. primera parte
260 _c2018
300 _a426 páginas :
_c24 cm.
650 _aDER
654 _aCDE
942 _cLIB
_dJUS
_fJUS
_2ddc
_n
999 _c24614
_d24614